ბათუმის შოთა რუსთაველის სახელმწიფო უნივერსიტეტის ბიბლიოთეკა

თხზულებანი. ტომი 2, თურქული ლიტერატურის სათავეებთან : (ბიბ.ჩანაწერი № 62660)

000 -ლიდერი
ფიქსირებული სიგრძის საკონტროლო ველი 02078nam a22002897a 4500
003 - საკონტროლო ნომრის იდენტიფიკატორი
საკონტროლო ველი Ge_BSU
005 - ბოლო ოპერაციის თარიღი და დრო
საკონტროლო ველი 20250120134145.0
008 - ფიქსირებული სიგრძის მონაცემთა ელემენტები - ზოგადი ინფორმაცია
ფიქსირებული სიგრძის საკონტროლო ველი 250120s2023 ge ||||| |||| 00| 0 geo d
020 ## - წიგნის საერთაშორისო სტანდარტული ნომერი
International Standard Book Number 9789941860188
041 ## - ენის კოდი
Language code of text/sound track or separate title geo
080 ## - უნივერსალური ათობითი კლასიფიკაციის ინდექსი
Universal Decimal Classification number 821.512.161.09-1 ჯ-14
100 ## - მთავარი ჩანაწერი - პიროვნების სახელი
Personal name ჯაველიძე, ელიზბარ
9 (RLIN) 24066
245 ## - ცნობა სათაურის შესახებ
Title თხზულებანი. ტომი 2, თურქული ლიტერატურის სათავეებთან :
Remainder of title აშიკ ფაშა /
Statement of responsibility, etc ელიზბარ ჯაველიძე; სარედაქციო საბჭო: ანდრო ბედუკაძე (პროექტის ავტორი და მთ. რედაქტორი), ივანე ამირხანაშვილი, ლევან თითმერია [და სხვა]; ტომის რედაქტორი უჩა შერაზადიშვილი.
264 ## - წარმოების, გამოცემის, დისტრიბუციის და სხვა ცნობები
გამოცემის, წარმოების, დისტრიბუციის... ადგილი თბილისი :
გამოცემის, წარმოების, დისტრიბუციის... სახელწოდება ილიას ფონდი,
გამოცემის, წარმოების, დისტრიბუციის... თარიღი 2023.
300 ## - ფიზიკური აღწერა
Extent 492 გვ. ;
Other physical details 21 სმ.
504 ## - BIBLIOGRAPHY, ETC. NOTE
Bibliography, etc ბიბლიოგრაფია: გვ. 353-407.
653 ## - INDEX TERM--UNCONTROLLED
Uncontrolled term ლიტერატურის ისტორია და კრიტიკა
653 ## - INDEX TERM--UNCONTROLLED
Uncontrolled term თურქული პოეზია
653 ## - INDEX TERM--UNCONTROLLED
Uncontrolled term აშიკ-ფაშა, თურქი პოეტი
700 ## - ADDED ENTRY--PERSONAL NAME
Personal name ბედუკაძე, ანდრო
Relator term პროექტის ავტორი, მთ. რედაქტორი.
9 (RLIN) 24061
700 ## - ADDED ENTRY--PERSONAL NAME
Personal name შერაზადიშვილი, უჩა
Relator term ტომის რედაქტორი.
9 (RLIN) 24065
700 ## - ADDED ENTRY--PERSONAL NAME
Personal name ამირხანაშვილი, ივანე
Relator term რედაქტორი
9 (RLIN) 24063
700 ## - ADDED ENTRY--PERSONAL NAME
Personal name თითმერია, ლევან
Relator term რედაქტორი
9 (RLIN) 23741
700 ## - ADDED ENTRY--PERSONAL NAME
Personal name უსანეთაშვილი, ვაჟა
Relator term რედაქტორი
9 (RLIN) 24064
700 ## - ADDED ENTRY--PERSONAL NAME
Personal name ჩხეიძე, როსტომ
Relator term რედაქტორი
9 (RLIN) 1213
942 ## - ADDED ENTRY ELEMENTS (KOHA)
Source of classification or shelving scheme
Koha item type წიგნი
ეგზემპლარები
ჩამოწერის სტატუსი დაკარგული ეგზემპლარის სტატუსი კლასიფიკაციის წყარო ან თაროზე გაწყობის სქემა დაზიანების სტატუსი არ გაიცემა მუდმივი მდებარეობა (დაცვის ადგილი) ამჟამინდელი ადგილსამყოფელი თაროზე განთავსების ადგილი შეძენის თარიღი ღირებულება, შესყიდვის ნორმალური ფასი სრული შენახვის შიფრი შტრიხკოდი ბოლო ოპერაციის თარიღი ეგზემპლარის მიმდევრობითი ნომერი (კეტერი?) ფასის ძალაში შესვლის თარიღი ეგზემპლარის სახეობა საჯარო შენიშვნა
          ბათუმის შოთა რუსთაველის სახელმწიფო უნივერსიტეტის მთავარი ბიბლიოთეკა ბათუმის შოთა რუსთაველის სახელმწიფო უნივერსიტეტის მთავარი ბიბლიოთეკა წიგნსაცავი 2025-01-20 25.00 821.512.161.09-1 ჯ-14 70352 2025-01-20 70352 2025-01-20 წიგნი 25 ლ.